000 01223cam a22003737a 4500
003 CHAP
005 20220817043445.0
008 980623d1995 it r 00110 spa d
010 _a75803
011 _a76775
020 _a9253037237
035 _a86364
040 _cCHAP
082 0 4 _a639.2
_bF3 v.350
245 1 0 _aEnfoque precautorio para la pesca :
_c/por FAO
260 _aRoma :
_bFAO,
_c1995-19 .
300 _av.
410 2 1 _aFAO
490 0 _aDocumento técnico de pesca
_v; 350/1
500 _aLa biblioteca tiene : pte. 1 directrices relativas al enfoque precautorio para la pesca y las introducciones de especies
590 _aBATCH-UPD
_b10
_c20130110
_lUCH01
_h1055
590 _aBATCH-UPD
_b10
_c20130410
_lUCH01
_h0650
590 _aBATCH-UPD
_b10
_c20130914
_lUCH01
_h1214
590 _aCONVERSION
_b10
_c20130109
_lUCH01
_h1341
650 1 4 _aPesca.
650 1 4 _aPesca
_xAdministración.
_987353
650 1 4 _aRecursos marinos
_xConservación.
_995152
810 0 _aFAO
830 0 0 _aDocumento técnico de pesca
_v; 350/1
_933242
901 _aBK
905 _aLilia Sánchez G.
942 _cLIBRO
949 _a639.2 F3 v.350
_bBC
_cFAO
_d33724000694378
_eFAO1
_fpte. 1
_h93489
_i86364
_kDonaciØn
_sb
999 _c75803
_d75803